Postavení poskytovatele logistických služeb v automobilové logistice
Dokončenie z č. 2/2005. Informačný tok prepojuje výrobcov osobných automobilov a JIT dodávateľov zastúpených externým poskytovateľom logistických služieb. Externý poskytovateľ logistických služieb obdrží od výrobcu osobných automobilov referenčné dáta a sekvenčné odvolávky. Sekvenčná odvolávka je me...
Guardado en:
| Autor principal: | |
|---|---|
| Formato: | Capítulo de libro |
| Lenguaje: | checo |
| Materias: | |
| Etiquetas: |
Sin Etiquetas, Sea el primero en etiquetar este registro!
|
MARC
| LEADER | 00000naa$a2200000$$$4500 | ||
|---|---|---|---|
| 001 | 0035130 | ||
| 005 | 20231018133143.4 | ||
| 041 | 0 | |a cze | |
| 044 | |a SK | ||
| 245 | 1 | 0 | |a Postavení poskytovatele logistických služeb v automobilové logistice |c Václav Cempírek |
| 520 | |a Dokončenie z č. 2/2005. Informačný tok prepojuje výrobcov osobných automobilov a JIT dodávateľov zastúpených externým poskytovateľom logistických služieb. Externý poskytovateľ logistických služieb obdrží od výrobcu osobných automobilov referenčné dáta a sekvenčné odvolávky. Sekvenčná odvolávka je metóda ako vychystávať diely v poradí kompletácie. | ||
| 610 | 2 | 0 | |a služby logistické |
| 610 | 2 | 0 | |a logistika |
| 610 | 2 | 0 | |a priemysel automobilový |
| 610 | 2 | 0 | |a dodávky |
| 610 | 2 | 0 | |a JIT |
| 610 | 2 | 0 | |a dodávatelia |
| 100 | 1 | |a Cempírek, Václav | |